| 000 | 00933nam a2200265 a 4500 | ||
|---|---|---|---|
| 001 | BRL_182 | ||
| 005 | 20190320210626.0 | ||
| 008 | 890209s1974 mx-######b---f000-0#spa-# | ||
| 040 |
_aDLC _cDLC _dDLC |
||
| 050 | 4 |
_aHC134 _b.A7 1974 |
|
| 100 | 1 |
_aArcila Farías, Eduardo _923151 |
|
| 245 | 1 | 0 |
_aReformas económicas del siglo XVIII en Nueva España _bII. Industria, minería y Real Hacienda _cEduardo Arcila Farías. |
| 260 |
_aMéxico _bSEP _c1974 |
||
| 300 |
_a215 p. _c17 cm. |
||
| 440 | 0 |
_aSepsetentas _v117 _922717 |
|
| 500 | _aAu236 | ||
| 504 | _aBibliografía: p. 210-213 | ||
| 651 | 4 |
_aMéxico _xCondiciones económicas _92842 |
|
| 651 | 4 |
_aNueva España _xCondiciones económicas _923152 |
|
| 651 | 4 |
_aNueva España _xComercio _ySiglo XVIII _923153 |
|
| 700 | 1 |
_aArcila Farías, Eduardo _tSiglo ilustrado en América _923154 |
|
| 740 | 0 | _aReformas económicas del siglo 18 en Nueva España | |
| 902 | _aGRL | ||
| 942 |
_2lcc _cB |
||
| 999 |
_c8995 _d8995 |
||